| 000 | 01667nam a2200265 u 4500 | ||
|---|---|---|---|
| 001 | 20091 | ||
| 005 | 20260504072251.0 | ||
| 008 | 960313s1975 spa | ||
| 035 | _a20091 | ||
| 035 | _a(OCoLC)778057945 | ||
| 040 | _ccomduadb | ||
| 041 | _aspa | ||
| 082 | 4 | _a621 | |
| 100 | 1 | 0 |
_aHall, Allen S. _4aut _eaut _9244707 |
| 245 | 1 | 0 | _aTeoría y problemas de diseño de máquinas |
| 250 | _a1. edición | ||
| 260 |
_aCali : _bMcGraw-Hill Interamericana, _c1975. |
||
| 300 | _a344 páginas. | ||
| 490 | 0 | _aSerie de compendios schaum | |
| 505 | _aCONTENIDO : 1: Introducción. -- 2: Esfuerzos en elementos sencillos de máquinas. -- 3: Ajustes y tolerancias. -- 4: vigas curvas. -- 5: Deformación y pandeo de elementos de máquina. -- 6: Diseño de elementos de máquinas sometidas a la acción de cargas variables. -- 7: vibraciones en máquinas. -- 8: Velocidad crítica de ejes. -- 9: transmisión de potencias ejes. -- 10: Diseños de acoplamientos. -- 11: Cuñas, pasadores y estrías. -- 12: Tornillos de potencia y sujetadores roscados. -- 13: Pernos. -- 14: Embragues. -- 15: Diseño de frenos. -- 16: Resortes. -- 17: Fuerzas en los engranajes. -- 18: Engranajes rectos (cilíndricos). -- 19: Engranajes helicoidales. -- 20: Engranajes cónicos. -- 21: Engranajes con tornillos sin fin. -- 22: Cojinetes de rodamiento. -- 23: Lubricación y diseño de cojinetes. -- 24: Trasmisión por correas. -- 25: Soldadura. -- 26: Volantes. -- 27: Proyectos. -- Índice. | ||
| 650 | 7 |
_aDiseño de máquinas _2lemb _928207 |
|
| 700 | 1 | 0 |
_aHolowenko, Alfred R. _4aut _eaut _9245269 |
| 700 | 1 | 0 |
_aLaughlin, Herman G. _4aut _eaut _9474852 |
| 942 | _cBOOK | ||
| 999 |
_c34157 _d34157 |
||